| 000 -LEADER |
| fixed length control field |
01959cas a2200517 a 4500 |
| 001 - CONTROL NUMBER |
| control field |
11315166 |
| 003 - CONTROL NUMBER IDENTIFIER |
| control field |
NUST |
| 005 - DATE AND TIME OF LATEST TRANSACTION |
| control field |
20191112123425.0 |
| 008 - FIXED-LENGTH DATA ELEMENTS--GENERAL INFORMATION |
| fixed length control field |
811112c19uu9999nyuuu 0 a0eng c |
| 010 ## - LIBRARY OF CONGRESS CONTROL NUMBER |
| LC control number |
86645060 |
| 020 ## - INTERNATIONAL STANDARD BOOK NUMBER |
| International Standard Book Number |
1859785530 |
| 024 ## - OTHER STANDARD IDENTIFIER |
| Standard number or code |
9781859785539 |
| 035 ## - SYSTEM CONTROL NUMBER |
| System control number |
(OCoLC)ocm07933015 |
| 038 ## - RECORD CONTENT LICENSOR |
| Staff Name |
MSOHAIL |
| 040 ## - CATALOGING SOURCE |
| Original cataloging agency |
SBL |
| Language of cataloging |
eng |
| Transcribing agency |
SBL |
| Modifying agency |
DLC |
| -- |
NST |
| -- |
DLC |
| -- |
OCLCQ |
| -- |
OCLCF |
| -- |
OCLCO |
| -- |
OCLCQ |
| 042 ## - AUTHENTICATION CODE |
| Authentication code |
pcc |
| 043 ## - GEOGRAPHIC AREA CODE |
| Geographic area code |
n-us--- |
| 050 00 - LIBRARY OF CONGRESS CALL NUMBER |
| Classification number |
KF902.Z9 |
| Item number |
C65 |
| 082 00 - DEWEY DECIMAL CLASSIFICATION NUMBER |
| Classification number |
0 |
| -- |
0 |
| Edition number |
19 |
| 100 ## - MAIN ENTRY--PERSONAL NAME |
| Personal name |
Jeremy Hackett |
| 9 (RLIN) |
25547 |
| 245 00 - TITLE STATEMENT |
| Title |
Construction claims: |
| Remainder of title |
Current Practice and Case Management |
| 260 ## - PUBLICATION, DISTRIBUTION, ETC. |
| Place of publication, distribution, etc. |
London: |
| Name of publisher, distributor, etc. |
LLP Professional Publishing |
| Date of publication, distribution, etc. |
c2000 |
| 300 ## - PHYSICAL DESCRIPTION |
| Extent |
p;323 |
| Other physical details |
illustrations ; |
| Dimensions |
22 cm. |
| 336 ## - CONTENT TYPE |
| Content type term |
text |
| Content type code |
txt |
| Source |
rdacontent |
| 337 ## - MEDIA TYPE |
| Media type term |
unmediated |
| Media type code |
n |
| Source |
rdamedia |
| 338 ## - CARRIER TYPE |
| Carrier type term |
volume |
| Carrier type code |
nc |
| Source |
rdacarrier |
| 490 1# - SERIES STATEMENT |
| Series statement |
Real estate law and practice course handbook series |
| 504 ## - BIBLIOGRAPHY, ETC. NOTE |
| Bibliography, etc. note |
Includes bibliographical references. |
| 588 ## - SOURCE OF DESCRIPTION NOTE |
| Source of description note |
Description based on: Nov.-Dec. 1979. |
| 588 ## - SOURCE OF DESCRIPTION NOTE |
| Source of description note |
Latest issue consulted: 1984. |
| 590 ## - LOCAL NOTE (RLIN) |
| Local note |
SERBIB/SERLOC merged record |
| 650 #0 - SUBJECT ADDED ENTRY--TOPICAL TERM |
| Topical term or geographic name entry element |
Construction contracts |
| Geographic subdivision |
United States. |
| 9 (RLIN) |
1127 |
| 650 #0 - SUBJECT ADDED ENTRY--TOPICAL TERM |
| Topical term or geographic name entry element |
Construction industry |
| General subdivision |
Law and legislation |
| Geographic subdivision |
United States. |
| 9 (RLIN) |
24626 |
| 650 #0 - SUBJECT ADDED ENTRY--TOPICAL TERM |
| Topical term or geographic name entry element |
Liability (Law) |
| Geographic subdivision |
United States. |
| 9 (RLIN) |
25548 |
| 650 #0 - SUBJECT ADDED ENTRY--TOPICAL TERM |
| Topical term or geographic name entry element |
Actions and defenses |
| Geographic subdivision |
United States. |
| 9 (RLIN) |
25549 |
| 650 #7 - SUBJECT ADDED ENTRY--TOPICAL TERM |
| Topical term or geographic name entry element |
Actions and defenses. |
| Source of heading or term |
fast |
| Authority record control number or standard number |
(OCoLC)fst00796238 |
| 9 (RLIN) |
25550 |
| 650 #7 - SUBJECT ADDED ENTRY--TOPICAL TERM |
| Topical term or geographic name entry element |
Construction contracts. |
| Source of heading or term |
fast |
| Authority record control number or standard number |
(OCoLC)fst00875896 |
| 9 (RLIN) |
25551 |
| 650 #7 - SUBJECT ADDED ENTRY--TOPICAL TERM |
| Topical term or geographic name entry element |
Construction industry |
| General subdivision |
Law and legislation. |
| Source of heading or term |
fast |
| Authority record control number or standard number |
(OCoLC)fst00876056 |
| 9 (RLIN) |
24623 |
| 650 #7 - SUBJECT ADDED ENTRY--TOPICAL TERM |
| Topical term or geographic name entry element |
Liability (Law) |
| Source of heading or term |
fast |
| Authority record control number or standard number |
(OCoLC)fst00997079 |
| 9 (RLIN) |
25552 |
| 651 #7 - SUBJECT ADDED ENTRY--GEOGRAPHIC NAME |
| Geographic name |
United States. |
| Source of heading or term |
fast |
| Authority record control number or standard number |
(OCoLC)fst01204155 |
| 9 (RLIN) |
7952 |
| 710 2# - ADDED ENTRY--CORPORATE NAME |
| Corporate name or jurisdiction name as entry element |
Practising Law Institute. |
| 9 (RLIN) |
11464 |
| 830 #0 - SERIES ADDED ENTRY--UNIFORM TITLE |
| Uniform title |
Real estate law and practice course handbook series. |
| 9 (RLIN) |
25553 |
| 906 ## - LOCAL DATA ELEMENT F, LDF (RLIN) |
| a |
7 |
| b |
cbc |
| c |
serials |
| d |
3 |
| e |
ncip |
| f |
19 |
| g |
n-oclcserc |
| 942 ## - ADDED ENTRY ELEMENTS (KOHA) |
| Source of classification or shelving scheme |
|
| Koha item type |
Book |